[Event "2021 WA Open tournament, Open section"]
[Site "Chess.com"]
[Date "2021.05.31"]
[Round "5"]
[White "Chow, Alex"]
[Black "Razmov, Valentin"]
[Result "1/2-1/2"]
[WhiteElo "1786"]
[BlackElo "1935"]
[Annotator "Valentin Razmov"]
[PlyCount "99"]
[EventDate "2021.??.??"]
[TimeControl "6000+30"]

{[%evp 0,99,27,33,33,45,64,56,56,54,88,85,89,81,87,80,79,63,94,42,42,40,40,20,
20,26,210,201,214,214,206,206,177,212,220,143,120,120,128,137,143,148,137,72,
84,67,76,77,72,72,72,82,88,93,95,95,95,94,94,86,88,88,88,84,91,97,105,92,98,
101,101,93,106,102,102,97,101,92,100,97,97,56,96,67,89,80,107,89,102,95,109,
100,111,111,111,0,0,0,0,0,0,0]} 1. e4 d5 2. exd5 Qxd5 3. Nc3 Qa5 4. d4 c6 5.
Bd2 {A rare and sharp move that requires precision; Black has to watch out for
discovered attacks on the queen.} Nf6 (5... Bf5 6. g4 Bg6 7. f4 e6 8. Qe2 Ne7 {
illustrates why Black has to be precise.}) (5... Qb6 $6 {does win a pawn for
Black, but who wants to lag far behind on development as a result?}) 6. Bd3 Bg4
7. Nf3 Nbd7 8. h3 Bh5 9. Qe2 e6 10. g4 Bg6 11. Bxg6 hxg6 {Both sides have been
looking for the right time and direction to castle, depending on the
opponent's choices, yet without revealing anything with certainty.} 12. O-O-O
O-O-O $2 {A simple tactical oversight that defines the course of the game from
here onward. Black loses the traditionally weak f7-pawn without compensation.
Being pushed to the edge of defeat and surviving requires mental and emotional
perseverance, clarity of vision, creativity, and deep knowledge in conducting
the defense - precisely the qualities for the display of which from this point
onward I am submitting this game for a brilliancy prize.} (12... Be7 13. Kb1
Qc7 {would have been a normal course of play instead.}) 13. Ng5 Re8 14. Nxf7
Rg8 15. Kb1 {Avoiding threats of ...Qxa2 and thus freeing the knight on c3.} e5
$6 {Standing before a major strategic decision about the course of the game,
Black needs to take care of their two weak pawns on e6 and g6 without losing
more material. The first concrete decision is to exchange the weak e6-pawn and
to activate a piece in the process. If it wasn't for a brilliant potential
refutation of this idea - which both players missed and which even a chess
engine requires a full minute (!) of computation to \"see\" - this would have
been a great move. In practice, it is still a great idea since not many humans
would have found the best continuation for White here. I challenge the reader
to look for another sensible move for White besides the obvious capture(s) on
e5.} (15... Qc7 16. Rhe1 {is \"correct\" in the objective sense, but leaves
White with a stable advantage and puts no particular challenges on their
forward path.}) 16. dxe5 $6 (16. Rhe1 $3 {The reason why this positional queen
sacrifice makes any sense is revealed once you see five moves deep...} exd4 17.
Qxe8+ Nxe8 18. Rxe8+ Kc7 19. Bf4+ Kb6 20. Rxd4 {± Black has no good moves
here, it turns out, since all black pieces are poorly placed, resulting in a
hopeless situation, both strategically and tactically. In reality, who in
White's shoes would have a desire to sacrifice material - a queen, nonetheless
- without a checkmate in sight, especially at a time when White is up a solid
pawn and feels in command of the position! Psychologically such decision tend
to be very difficult.}) 16... Nxe5 17. Ne4 $2 {After a surprisingly long
thought, White emerges with a surprise, ironically one that hurts them more
than it helps in the end. As White shared after the game, they were hoping to
somehow capitalize on the tactical energy of the white knights near the center.
I had only seriously considered the exchange of knights on e5:} (17. Nxe5 Rxe5
18. Qd3 {±}) 17... Qd5 $1 {After a long thought in turn, in the choice
between 17...Qc7 and 17...Qd5, Black opts for the more active move, intending
to put White under some pressure and also laying a hidden tactical trap.} (
17... Qc7 $6 18. Nfg5 Nf7 19. Qd3 {±}) 18. Nxf6 {A precise decision!} (18.
Nfg5 $2 {was the start of the elaborate trap Black had laid.} Nxe4 19. Nxe4 $2
({If} 19. Qxe4 Qxe4 20. Nxe4 Nxg4 21. hxg4 Rxe4 {and Black restores the
balance.}) 19... Nc4 {Now Black even wins owing to elegant tactics!} 20. f3 $4
(20. Rhe1 {doesn't save White due to} Rxe4 $1 21. Qxe4 Nxd2+ 22. Rxd2 Qxd2 23.
Qe6+ Kc7 {∓ The black rook on g8 is invulnerable due to White's back-rank
weakness.}) (20. Rde1 $2 Rxe4 21. Qxe4 Nxd2+ {-+}) 20... Qb5 $1 {and White has
a choice between being checkmated and losing the queen to a discovered attack.}
) 18... gxf6 {Even though the trap didn't \"snap\", Black still emerged with
another small victory - now their second weak king-side pawn has also been
fixed.} 19. Nxe5 Rxe5 20. Be3 {In a challenging situation, White makes a
slippery decision - the bishop is now pinned to the queen, which sets the
stage for Black's endgame plan.} (20. Qf1 Qf3 {is apparently the better choice
for White, according to the engine, but once again difficult to make due to
White's passive-looking queen on f1, in contrast to Black's active queen on f3.
}) 20... Qe6 21. Rhe1 $2 {This logical looking move only simplifies Black's
defensive job, as it allows an easy exchange of bishops. Black had already
pre-meditated to transition into a rook endgame or a queen endgame as a path
toward rescuing the draw. Both of these types of endgames offer considerable
drawing chances when defending a pawn down and often even with two pawns down.
White's only realistic chance for continuing to play for a win was to keep the
bishops on board, if possible, or to create some weakness in Black's camp.} (
21. Qd2 Bc5 22. Bf4 $2 ({or} 22. Bxc5 Rxc5 23. Rhe1 Re5 24. Rxe5 fxe5 25. Qe3 {
± looks like White's best chance forward due to Black's weakened central
pawns.}) 22... Rd5 {= Even though the bishop survives the exchange, Black gets
back their pawn (on f2).}) (21. Qd3 $5 Bc5 22. Bxc5 Rxc5 23. Rhe1 ({or} 23. Qa3
Qc4 24. Rc1 a5) 23... Re5 24. Rxe5 fxe5 25. b3 {and White similarly retains
winning chances due to weaknesses in Black's position.}) 21... Bc5 22. Qd2 (22.
Rd3 Bxe3 23. fxe3) 22... Bxe3 23. Rxe3 (23. fxe3 Rd5 {⩲ was possible too,
keeping more material. Still, the weakened, isolated white e3-pawn, coupled
with no clear targets in Black's position and no passed pawn for White,
suggests that a draw is the most likely result here.}) 23... Rxe3 24. fxe3 (24.
Qxe3 $6 {Black could force the draw by} Qxe3 25. fxe3 Rh8 (25... Re8 {should
still work, but is a bit less clear after} 26. Rd3 Rh8 27. e4 Re8 28. Re3 Kd7 {
=}) 26. Rh1 Re8 27. Re1 ({If} 27. h4 $5 Rxe3 28. h5 gxh5 29. gxh5 Re7 {= Black
blockades the passed pawn and then centralizes their king, while White's rook
is passive due to the need to constantly defend its h-pawn.}) 27... Rh8 {
= with a logical repetition.}) 24... Re8 25. b3 {Calling Black's bluff attack
on e3.} Qd5 $1 {A nice touch, forcing further exchanges into a choice of
technically drawn endgames.} (25... Qxe3 $2 {The e3-pawn is invulnerable due to
} 26. Qd7+ Kb8 27. Qd6+ Kc8 28. Qxf6 {± and suddenly White is close to
creating a king-side passed pawn, giving them plausible winning chances.}) 26.
Qxd5 (26. Qe2 $5 {but then suddenly} Rxe3 $1 27. Qxe3 Qxd1+ 28. Kb2 {and
seemingly White wins back their extra pawn, either on a7 or on g6 (via a queen
check on e8), except...} Qd6 $1 {and Black manages to maintain equal material
or else delivers a perpetual check, since White's queen would be outside of
the action on a7 or g6, unable to help its own king avoid the black queen's
checks or avert a further loss of a pawn. Other options are much worse for
Black:} (28... Qf1 $6 29. Qe8+ Kc7 30. Qf7+ Kc8 31. g5 $1 {±}) (28... Qh1 $2
29. Qe8+ Kc7 30. Qe7+ Kc8 31. Qxf6 Qxh3 32. Qxg6 Qh8+ 33. Ka3 Qf8+ 34. b4 {±})
29. Qxa7 {should be drawn after} (29. Qe8+ {is equal too after} Kc7 30. Qxg6
Qe5+ 31. c3 Qh2+ {=}) 29... Qe5+ 30. c3 Qh2+ {=}) 26... cxd5 27. Rxd5 Rxe3 28.
Rd6 Rf3 $1 {Avoiding a trap - both f6- and g6-pawns were in danger.} 29. Rd3
Rf1+ {The king-and-pawn endgame would, expectedly, be lost for Black with a
pawn down, so there's no reason to want to exchange rooks.} 30. Kb2 Kc7 {
Activating the king and restricting the white rook's options.} 31. Kc3 f5 {
Time to exchange pawns and simplify the position. Black's goal is to eliminate
all king-side pawns, while keeping the king close to its minority (2 vs 3
pawns) on the queen-side.} 32. gxf5 Rxf5 {Not allowing White to have a passed
h-pawn.} 33. Kd2 $6 (33. Rg3 Rf4 34. a4 Rh4) 33... Rf2+ 34. Kc3 Rg2 {
\"Sticking\" to the c2-pawn, thus restricting the white king's movement also.}
35. a4 a5 {Limiting the queen-side pawns' movement too, or at least demanding
that it happen at the cost of more simplifying pawn exchanges.} 36. h4 $5 {
Setting a creative trap for defenders who may be overly eager to exchange
pawns quickly.} b6 $1 (36... g5 $2 37. h5 Rh2 38. Rd5 Rxh5 39. Rxa5 {and White
may have renewed winning chances deep in the endgame due to the 3 vs 1
majority on the queen side.}) 37. Rd4 g5 {Now White cannot avoid the king-side
pawn exchanges.} 38. Rc4+ Kb7 {Staying close to the pawns for a further
reassuring defense.} 39. hxg5 Rxg5 40. Kd4 Rh5 41. Kc3 Rg5 {Black declares a
\"no-crossing zone\" along the 5th rank.} 42. Rd4 Rg2 {Back to the
\"sticking\" defense - limiting the white king's mobility.} 43. Rc4 Rh2 44. Re4
Rg2 45. Kd3 Rg3+ 46. Kc4 Rg2 47. Kb5 $6 {White finally gives up trying to move
forward all queen-side pawns together.} (47. c3 Rg5 (47... Rb2 {should be
drawn in all cases})) 47... Rxc2 48. Re7+ Rc7 {Just in time!} 49. Rxc7+ ({
Of course, not} 49. Re6 $4 Rc5#) 49... Kxc7 50. b4 {Game drawn by agreement
and after just over 4 hours of play, the game ended peacefully. A good
accomplishment by Black, steering the ship to safety from what looked like a
stormy ocean after the early loss of a critical pawn.} 1/2-1/2

[Event "2021 WA Open tournament, Reserve U1600 "]
[Site "Chess.com"]
[Date "2021.05.30"]
[Round "3"]
[White "Betz, Parker"]
[Black "Razmov, Gabriel"]
[Result "0-1"]
[WhiteElo "1588"]
[BlackElo "1495"]
[Annotator "Gabriel Razmov"]
[PlyCount "140"]
[EventDate "2021.??.??"]
[TimeControl "6000+30"]

{[%evp 0,140,21,19,37,40,71,64,64,47,54,34,54,65,69,43,20,25,29,20,34,52,26,
-15,28,11,19,28,20,33,22,11,29,0,13,7,9,12,20,0,21,4,5,-3,5,-7,-4,-6,-1,-1,-4,
-79,-79,-99,-82,-97,-77,-119,-110,-110,-111,-126,-128,-128,-129,-179,-183,-159,
-73,-88,-84,-101,-101,-100,-63,-148,-85,-106,-108,-79,-65,-61,-68,-140,-76,-78,
-98,-130,-121,-120,-14,-23,-81,-113,-81,-113,569,566,561,-26,-46,-44,-56,-36,0,
0,0,0,0,-470,0,-65,-50,-464,-463,-478,-472,-502,-254,-257,-314,-322,-327,-330,
-324,-324,-324,-323,-323,-502,-502,-557,-567,-607,-604,-633,-645,-676,-619,
-673,-687,-29983,-29984]} 1. e4 d5 2. exd5 Qxd5 3. Nc3 Qa5 4. d4 Nf6 5. Bc4 Bf5
(5... Nc6 {is a weird move to play in an opening like a Scandinavian, since
usually you would play ...c6, but for some reason, the computer likes it.}) 6.
Nf3 c6 7. Bg5 ({In some cases, an earlier} 7. Ne5 {could end up benefiting
White. Apparently, here it is good to do so. In my experience, in the
Scandinavian, I have seen Ne5 played by White, but almost always around move
10.}) 7... Nbd7 8. O-O ({The computer points out the interesting alternative} 
8. Bd2 {, which seems counterintuitive because you just put the White Bishop
on g5, and now you are retreating it. The idea is to create a discovered
attack like Nd5 or Ne4, which would force the Black Queen to retreat to c7 or
d8, depending on where the Knight lands.}) 8... e6 9. h3 $6 {A bit premature.}
(9. Bf4 {Again, Komodo suggests a retreating Bishop move, which further
supports Ne5 and removes the c7-square from use of the Black Queen. It also
runs away from a h7-h6 tempo later on. Often, you might play Qc7 early, just
to stop Bf4 from happening, since playing g3 to play Bf4 is a weakening.}) 9...
Be7 (9... Bd6 {developing the Bishop was also good here.}) 10. Re1 O-O {
Up to here, I have pretty much been blitzing out the opening, because I have
experience with it. After around move 10, I always start thinking, though I
still know some general middlegame plans/ideas for Black.} (10... h6 {is
another possibility.}) 11. Ne5 $6 (11. Bf4) 11... Qd8 $6 (11... Nxe5 {here was
better, for instance} 12. dxe5 Nd5 13. Bxe7 Nxe7 14. Qe2 Rfd8) 12. Bf4 (12. g4
{was also possible.} Bg6 13. Nxg6 hxg6 {with approximate equality.}) 12... Nb6
13. Bb3 (13. Bf1 {is another possibility.}) 13... Nbd5 (13... h6 {was also
good, even though it no longer gets a tempo on the Bishop.}) 14. Nxd5 cxd5 {
Opening the c-file.} 15. c3 (15. g4 {was again possible.} Bg6) 15... Rc8 $6 {
Rushing a bit too much. 15... h6 would have still been good.} 16. Bc2 $6 {
Returning the favor, but at the same time trying to trade the Bishops.} Bxc2 {
I oblige.} (16... Ne4 17. Qe2 Nd6 {trying to get to c4, is a worthwhile
alternative idea.}) 17. Qxc2 Bd6 (17... Ne4 {was again good here.}) 18. Bg5 h6
19. Bh4 ({The engine also likes} 19. Bxf6 {, doubling the pawns.}) 19... Be7 {
Unpinning.} 20. Qa4 a6 21. Bxf6 Bxf6 22. Nd7 Re8 23. Nc5 Qc7 24. Qb3 Rb8 25.
Na4 $2 {Handing the advantage over to Black.} (25. Nd3 {getting out of any
possible trouble was better.}) 25... b6 $1 26. Rac1 $6 (26. Qd1 {was almost
forced here, to play b3 and give the b2-square to the Knight as an escape
route.}) 26... Rec8 $6 {I should have played ... Bg5, attacking the Rook on c1,
followed by going back ... Be7.} 27. Qd1 {My opponent finds the escape on
second chance.} Be7 28. b3 $2 {Losing. I was 100\% expecting b4 from my
opponent.} Ba3 $1 {I had foreseen this win of a pawn.} 29. Rc2 b5 30. Nc5 Bxc5
31. dxc5 Qxc5 32. Qg4 d4 33. c4 bxc4 $2 {Giving away a lot of my advantage. 33.
.. Rd8 was much better than taking.} 34. Rxc4 $1 {Of course! Now I don't get
to push my pawn home, and I had to find some creative ideas not to give away
my advantage.} Qa5 $1 35. b4 Qxa2 36. Rxd4 {Trading Rooks on c8 and then
playing Qxd4 was also good.} Rb5 37. Rf4 Rcb8 $6 {Ok, but 37... Qd2 was even
better.} 38. Qf3 e5 39. Rfe4 Rxb4 (39... Qe6 {was better, since} 40. Qc3 Rc8)
40. Rxe5 Rb1 41. Qd3 $6 {Handing Black even stronger advantage.} Rxe1+ $6 (
41... Qa1 {was better, since} 42. Re8+ $6 Rxe8 {the White Rook is pinned.} 43.
Rxb1 Re1+ 44. Rxe1 Qxe1+ 45. Kh2) 42. Rxe1 a5 43. g3 $6 (43. Re7 {trying to
counterattack was a better choice, though still advantageous for Black.}) 43...
a4 44. Kg2 $6 (44. Re7 {still had to be played.}) 44... a3 $2 {Losing
everything I had worked for!} (44... Qb3 {was still winning, but I think I was
a bit too confident. Too overconfident, to be precise.}) 45. Re2 Qa1 46. Qd6 $1
Ra8 47. Qd5 Ra4 $4 {Losing!} (47... Rb8 {would have kept a slight edge for
Black, though the most likely result here would be a draw.}) 48. Re8+ Kh7 49.
Qf5+ $4 {Equal again! The evaluation bar must have been having a heart attack
around here. :)} (49. Qxf7 {was winning, since} a2 50. Qf5+ g6 51. Re7+ {
. Both of us missed this!}) 49... g6 50. Qxf7+ Qg7 51. Qa2 Ra7 52. Rb8 h5 53.
h4 Qe5 54. Rb3 $4 {Losing again!} (54. Qg8+ {, and my plan was} Kh6 55. Qf8+ $2
(55. Rb6 Qg7 {was still equal.}) 55... Qg7 {, winning!}) 54... Qc5 $4 {And as
soon as I played this, I almost slapped my forehead for missing a simple win.}
(54... Qd5+ $1 {wins, since} 55. Kh2 Qxb3 $3 {. I utilized a similar idea to
win the game, but I missed it here!}) 55. Re3 Qd6 56. Re6 $4 (56. Re1 {and a
lot of other moves were still equal.}) 56... Qxe6 $3 {Finally!} 57. Qxe6 a2 58.
g4 hxg4 $6 {Making a Queen right away was also good, and probably better.} 59.
h5 $1 {Now, I have to dodge persistent checks from White's Queen.} a1=Q 60.
Qxg6+ Kh8 61. Qe8+ $6 (61. Qh6+ {was a better try, but still lost for White.})
61... Kg7 62. Qg6+ Kf8 63. Qf5+ Rf7 64. Qc5+ Kg8 65. Qg5+ Qg7 66. Qd8+ Kh7 67.
Qd3+ Kh6 68. Qd6+ Rf6 69. Qd2+ Qg5 {After this, the checks are done.} 70. Qd8
$2 Rxf2+ {Gabriel Razmov won by resignation Here, my opponent decided to
resign, since he would be down a full Queen, and he knows I am good enough to
engineer a checkmate. Overall, a very good game and good ideas for counterplay
by White around moves 45-50. I feel like the part I really got the advantage
in was when his Knight was almost trapped on the side of the board. After that,
he valiantly fought back to winning on move 49 but missed the chance, after
which the only reason I won this game was his final game-changing blunder (56.
Re6??). Otherwise, I'm almost positive we would have split the point.} 0-1

[Event "Washington Open"]
[Site "Chess.com"]
[Date "2021.05.31"]
[Round "6"]
[White "Whale, Nicholas"]
[Black "Bell, Harry"]
[Result "0-1"]
[WhiteElo "2080"]
[BlackElo "2000"]
[Annotator "Harry Bell"]
[PlyCount "110"]
[EventDate "2021.05.29"]
[TimeControl "6000+30"]

1. e4 c5 2. c4 Nc6 3. Nc3 g6 4. g3 Bg7 5. Bg2 Nf6 6. Nge2 d6 7. O-O e5 {
The computer says that launching the h pawn (7... h5) at this point is
indicated instead.} 8. d3 O-O 9. h3 Nd4 10. Be3 Be6 {No need to play h6 first
before moving the bishop here since the knight cannot harrass it on g5.} 11.
Rb1 a5 12. f4 Ne8 13. Nd5 Nc7 {The computer hates this knight manuever,
preferring exchanging both white knights followed by and moving the knight
back to f61} (13... Nxe2+ 14. Qxe2 Bxd5 15. cxd5 exf4 16. Rxf4) 14. Nec3 {
white missed a cruhing f5 push with:} (14. Nxc7 Qxc7 15. f5 gxf5 16. Bxd4 cxd4
17. exf5) 14... Nxd5 15. Nxd5 Bxd5 16. cxd5 Qe7 17. Bxd4 exd4 18. Qb3 Qd7 19.
Rbe1 Rfe8 20. g4 f6 21. Qd1 b5 22. h4 h6 23. g5 hxg5 24. hxg5 fxg5 25. f5 {
Now my bishop can come to e5 and block the e and f files.} Be5 26. fxg6 Bf4 27.
Qh5 Qg7 28. Bh3 Qh8 29. Qxh8+ Kxh8 30. Bd7 Reb8 31. Kf2 Kg7 32. Rh1 Rh8 33.
Bxb5 Kxg6 34. b3 g4 {I think I realized here that my g pawn would wind up on
h2 protected forever by my unopposed dark bishop.} 35. Kg2 g3 36. Ref1 Be5 37.
Bd7 Rh2+ 38. Rxh2 gxh2 39. Bf5+ Kh5 40. Be6 Kg6 41. Bf5+ Kg7 42. Be6 a4 43. Bd7
axb3 44. axb3 Ra2+ {Now nothing can be done about the ensuing mate on g1.} 45.
Kh1 Kg6 46. Bf5+ Kg5 47. Bd7 Kh4 48. Be8 Rb2 49. Ba4 Kg3 50. Bb5 Rxb3 51. Bc4
Rb2 52. Ba6 Rd2 53. Bc4 Bf4 54. Bb5 Be3 55. e5 Rg2 {hbell11 won by resignation
Game may have continued...} (55... Rg2 56. Rf3+ Kxf3 57. Bd7 Kg3 58. Bg4 Rg1# {
[%eval -32761,0]}) 0-1

[Event "Washington Open"]
[Site "Chess.com"]
[Date "2021.05.30"]
[Round "4"]
[White "Perez, Igancio"]
[Black "Bell, Harry"]
[Result "0-1"]
[WhiteElo "2229"]
[BlackElo "2000"]
[Annotator "Harry Bell"]
[PlyCount "118"]
[EventDate "2021.05.29"]
[TimeControl "6000+30"]

1. d4 d5 2. c4 c6 3. Nc3 Nf6 4. Nf3 a6 5. Bg5 Ne4 6. Bf4 Qa5 7. Rc1 e6 8. e3
Bb4 9. Be2 Nxc3 10. bxc3 Bxc3+ 11. Kf1 Nd7 12. c5 {Around here I realized I
might have difficulty extricating my bishop and queen.} Bb4 13. Bd3 Qd8 14. h4
Ba5 15. Qc2 h6 16. Rh3 Bc7 17. Bxc7 Qxc7 18. Rg3 Kf8 (18... O-O) 19. Re1 f5 20.
Rg6 Kf7 21. h5 Nf6 (21... Rf8) 22. Ne5+ Kf8 23. f3 Bd7 24. g4 Be8 25. Qh2 (25.
gxf5) 25... Kg8 {Avoiding the loss of my queen} (25... Bxg6 26. Nxg6+) 26. gxf5
Bxg6 27. fxg6 Nd7 28. Kf2 Nxe5 29. dxe5 Qe7 30. Bf1 Kf8 31. Rb1 Ke8 32. f4 Rf8
33. Qg3 Kd8 34. Bh3 Kc7 35. f5 Qxc5 36. Kg1 Qc2 37. Rf1 Rxf5 38. Bxf5 exf5 39.
e6+ Kb6 40. Qe5 Qe4 41. Qxe4 dxe4 {Now if 42. Rxf5 my rook has time to capture
the e and h pawns} 42. Rd1 Re8 43. Rd7 c5 44. Kf2 Rxe6 {It looks like I was
technically lost after this move. 44...c4 was necessary.} 45. Rxg7 c4 46. Ke2 (
46. Rh7 c3 47. g7 Re8 48. Rxh6+ Kb5 49. Rg6) 46... Rd6 47. Rf7 c3 48. Rxf5 Rd2+
49. Ke1 Rg2 (49... Rd7) 50. Kd1 Kc6 51. Re5 b5 52. Rxe4 Kc5 53. Re8 Kc4 54. Rd8
a5 55. e4 b4 56. e5 a4 57. e6 b3 58. axb3+ axb3 59. e7 c2+ {hbell11 won by
resignation} 0-1